000 01053cab a22002655a 4500
001 L160042
008 150113e2016 xxk 000 0 eng d
035 _a(Sirsi) u160042
041 0 _aeng
050 _a333.3307
100 1 _aCraig, Ewan
245 0 2 _aA fundamental matter
_h[electronic resource]
260 _aLondon
_bRICS
_c2016
490 _aRICS Building Surveying Journal
_vMarch 2016 - April 2016, 26(1)
520 _aOutlines how imperative the construction technology and environmental services competency can be.
650 2 4 _aAPC
_96216
650 2 4 _aCOMPETENCIES
650 2 4 _aABOUT RICS
650 2 4 _aCAREERS, EDUCATION AND TRAINING-QUALIFICATION ROUTES-ASSESSMENT OF PROFESSIONAL COMPETENCE
651 4 _aUnited Kingdom
_y
690 _aBuilding surveying
_96225
856 4 0 _uhttps://www.rics.org/Global/BSJ-BCJ%20March-April%202016_v2.pdf
_zView the article free of charge at www.rics.org...
856 4 0 _uhttps://www.rics.org/Global/BSJ-BCJ%20March-April%202016_v2.pdf
_yAvailable free online via Issuu
942 _n0
_2ddc
999 _c85157
_d85157